000 00312nam a22001337a 4500
008 230418b ||||| |||| 00| 0 eng d
041 _aeng
080 _21911 EDITION
_a721
082 _a721COM
100 _a20
101 _aNDERTIM
245 _aGARAGES AND MOTOR BOAT HOUSES
_cCOMSTOCK.T.W
942 _2udc
_cBK
999 _c59583
_d59583